000 00550nam a22002171a 4500
001 3385
003 OSt
005 20260204211848.0
008 040831s1989||||sp ||||||b||||||||||spa||
020 _a8420735213
050 _a813.4 P994a
082 _a904 P994a
100 _aPyle, Howard
245 _aLas alegres aventuras de Robin Hood / Howard Pyle
264 _aEspaña : ANAYA
300 _a284 p
490 _aSerie tus libros No 92
500 _aIncluye bibliografías
650 _aLiteratura Norteamericana I-tilÌ
942 _2ddc
_cBK
999 _c3385
_d3385